000 00702nam a22001817a 4500
999 _c371948
_d371948
008 201127b ||||| |||| 00| 0 eng d
040 _aDE-2950
_bger
_cDE-2950
_erda
041 _ager
245 _aKunst kam erstmals unter den Hammer.
_bAuktion: Rund 50 Kunstfreunde kamen am Samstag in die Spectrum-Galerie, wo Stefan Kunigam zum Auktionator wurde./
_cJörg Kotterba
264 _c2022
653 _aFrankfurt (Oder)
653 _aKunstauktion
773 _dFrankfurt (Oder) Märkisches Verlags- und Druckhaus GmbH & Co KG
_tMärkische Oderzeitung
_g33. Jahrgang (2022) Nr. 271 vom 21.11.2022, S. 13: Foto.
942 _cA